| 000 | 01141cam a22001934a 4500 | ||
|---|---|---|---|
| 005 | 20250605164131.0 | ||
| 008 | 250528s ||||||||||||||||||||||||d | ||
| 035 | _a18639 | ||
| 040 |
_aGR-AtMCL _bgre _dGR-AtMCL _eAACR2 |
||
| 245 | 1 | _aThe Contemporary Cinema / With thirty-two plates | |
| 260 |
_bPenguin Books, _c1963 |
||
| 300 | _a224 | ||
| 505 | 0 | _aPreface, Introductory, The Italian Experience, Which Picture Made the Money, The Nervous Years, Production Values, Taken From the French, The Free French, Room at the Top, Thought Control. The Major Industries, The Movie-Makers, Looking for an Audience, Towards a New Cinema, Check-List of Films and Directors, Selected Book List, Index. | |
| 520 | _aPreface, Introductory, The Italian Experience, Which Picture Made the Money, The Nervous Years, Production Values, Taken From the French, The Free French, Room at the Top, Thought Control. The Major Industries, The Movie-Makers, Looking for an Audience, Towards a New Cinema, Check-List of Films and Directors, Selected Book List, Index. | ||
| 700 | 1 |
_aHouston Penelope _94903 |
|
| 942 | _cBK | ||
| 999 |
_c3986 _d3986 |
||